000 00379cam a22001457a 4500
008 180718b1954 xxu||||| |||| 00| 0 eng d
082 _aA98x54 M846
100 _aMorton, Eleenor
245 _aWomen behind Mahatma Gandhi
_cby Eleenor Morton
260 _aLondon
_bReinhardt
_c1954
300 _a271p.
440 _abibl.
500 _a18/-
650 _aWomen - India - Biography
999 _c374518
_d374518